Анализ тепловых режимов однотрубных теплопроводов с учетом конвективного движения воздуха в полости канала; Известия Томского политехнического университета [Известия ТПУ]; Т. 317, № 4: Энергетика

Bibliographische Detailangaben
Parent link:Известия Томского политехнического университета [Известия ТПУ]/ Томский политехнический университет (ТПУ).— , 2000-
Т. 317, № 4: Энергетика.— 2010.— [С. 33-38]
1. Verfasser: Половников В. Ю. Вячеслав Юрьевич
Zusammenfassung:Заглавие с титульного листа
Электронная версия печатной публикации
Проведен численный анализ тепловых режимов теплопроводов на базе решения сопряженных задач теплопереноса в системе "подземный канальный однотрубный теплопровод - окружающая среда". Показано, что учет конвективного движения воздуха в полости канала позволяет проводить детальный анализ тепловых режимов систем транспортировки тепла.
Sprache:Russisch
Veröffentlicht: 2010
Schriftenreihe:Энергетика
Schlagworte:
Online-Zugang:http://www.lib.tpu.ru/fulltext/v/Bulletin_TPU/2010/v317/i4/07.pdf
Format: MixedMaterials Elektronisch Buchkapitel
KOHA link:https://koha.lib.tpu.ru/cgi-bin/koha/opac-detail.pl?biblionumber=192747

MARC

LEADER 00000nla2a2200000 4500
001 192747
005 20240208113919.0
035 |a (RuTPU)RU\TPU\book\210174 
035 |a RU\TPU\book\210164 
090 |a 192747 
100 |a 20110309d2010 k y0rusy50 ca 
101 0 |a rus 
102 |a RU 
135 |a drnn ---uucaa 
181 0 |a i  
182 0 |a b 
200 1 |a Анализ тепловых режимов однотрубных теплопроводов с учетом конвективного движения воздуха в полости канала  |f В. Ю. Половников 
203 |a Текст  |c электронный 
215 |a 1 файл (810 Кб) 
225 1 |a Энергетика 
300 |a Заглавие с титульного листа 
300 |a Электронная версия печатной публикации 
320 |a [Библиогр.: с. 37-38 (14 назв.)] 
330 |a Проведен численный анализ тепловых режимов теплопроводов на базе решения сопряженных задач теплопереноса в системе "подземный канальный однотрубный теплопровод - окружающая среда". Показано, что учет конвективного движения воздуха в полости канала позволяет проводить детальный анализ тепловых режимов систем транспортировки тепла. 
337 |a Adobe Reader 
461 1 |0 (RuTPU)RU\TPU\book\176237  |t Известия Томского политехнического университета [Известия ТПУ]  |f Томский политехнический университет (ТПУ)  |d 2000- 
463 1 |0 (RuTPU)RU\TPU\book\210108  |t Т. 317, № 4: Энергетика  |v [С. 33-38]  |d 2010  |p 196 с. 
610 1 |a математическое моделирование 
610 1 |a теплопроводы 
610 1 |a тепловые режимы 
610 1 |a тепловые потери 
610 1 |a труды учёных ТПУ 
610 1 |a электронный ресурс 
700 1 |a Половников  |b В. Ю.  |c специалист в области теплотехники  |c доцент Томского политехнического университета, доктор технических наук  |f 1980-  |g Вячеслав Юрьевич  |3 (RuTPU)RU\TPU\pers\25532  |9 11462 
801 1 |a RU  |b 63413507  |c 20090623  |g PSBO 
801 2 |a RU  |b 63413507  |c 20211223  |g PSBO 
856 4 |u http://www.lib.tpu.ru/fulltext/v/Bulletin_TPU/2010/v317/i4/07.pdf 
942 |c CF